Video Games by Iconic Weapons - Statistics

General Stats
  • This quiz has been taken 63 times
  • The average score is 11 of 24
Answer Stats
Weapon Game % Correct
Energy Sword Halo
81%
Diamond Sword Minecraft
73%
Blue Shell Mario Kart
69%
Super Shotgun Doom
67%
Master Sword The Legend of Zelda
63%
Gravity Gun Half-Life
62%
BFG Doom
58%
Fat Man Fallout
58%
Crowbar Half-Life
58%
Keyblade Kingdom Hearts
58%
Hidden Blade Assassin's Creed
52%
Golden Gun Goldeneye
52%
Blades of Chaos God of War
50%
Mega Buster Mega Man
46%
Plasma Cutter Dead Space
40%
Arm Cannon Metroid
38%
Intervention Call of Duty
29%
Wabbajack The Elder Scrolls
25%
GLOO Cannon Prey
21%
Lancer Gears of War
19%
Smart Pistol Titanfall
19%
Laptop Gun Perfect Dark
10%
Cerebral Bore Turok
10%
Flak Cannon Unreal Tournament
10%
No matching quizzes found
Score Distribution
Percent of People with Each Score
Percentile by Number Answered
Your Score History
You have not taken this quiz